000 00873nas a2200277 4500
001 BR0707013
003 BR-BrBNA
005 20231205111331.0
007 ta
008 230509b bl.|||p| |||| 00| 00por d
040 _aBR-BrBNA
_bpor
_cBiblioteca Nacional de Agricultura
041 _a(Pt)
072 _aL53
100 1 _aBittencourt, H.R.
100 1 _aGottschal, C.
100 1 _aSant'Ana, M. de F.
245 1 _aUm modelo alternativo para predição da probabilidade de prenhez em função do peso no início do acasalamento
650 _aNOVILHO
650 _aACASALAMENTO
650 _aPRENHEZ
650 _aPESO
650 _aMODELAGEM
773 0 _tArquivos de Ciências Veterinárias e Zoologia da UNIPAR (Brazil)
_xISSN 1415-8167
_g(Jul-Dec 2005), v. 8(2) p. 99-104
_wBR0707013
909 _a202311
_bLúcia
_c55
_dLúcia Elande
942 _2AGRIS
_n0
_cANA
999 _c192106
_d192106